000 00767nam a2200169 i 4500
001 31495
003 ES-MaACL
007 t|
008 030129m19521953sp ||||1| spa d
100 1 _aBaum, Vicki.
_926577
245 1 0 _aNovelas /
_cVicki Baum.
250 _a[1ª ed.].
260 _aBarcelona :
_bPlaneta,
_c[1952-53] (
_eMadrid :
_fCastilla)
300 _a2 t. ;
_c17 cm.
505 8 _aContiene: T. I: Shangai Hotel. Lo que los hombres nunca saben. El eterno cuace. El ocaso de las estrellas. Una noche en el Trópico. -- T. II: Almas liberadas. La aguja roja. Hambre. Vidas sin misterio. Camino a escena. Amor y muerte en Bali. Retorno al amanecer. El número sensacional. La maravilla. Amor de artista. ¡Cuidado con el ciervo!
852 _aES-MaACL
_jE-3831-2
999 _c31495
_d31495